000 01520nam0a2200337 4500
001 RU\NLR\bibl\547585
005 20260405232427.0
010 _a5-02-008902-8
_9800
021 _aRU
_b2004-39690
_91974
035 _a(NLR Aleph) 000539784
090 _a1405580
_c1405580
100 _a20040827d2004 |||y0rusy50 ca
101 0 _arus
102 _aRU
105 _ay |||||||||
200 1 _aШведы и русские
_eОбраз соседа
_fО.В. Чернышева
_gРос. акад. наук, Ин-т всеобщ. истории
210 _aМ.
_cНаука
_d2004
215 _a253,[1] с.
_d22
320 _aБиблиогр. в конце кн. и в подстроч. прим.
607 _aШвеция
_xВзаимоотношения с Россией
_z19 - 20 вв.
_92342219
_3RU\NLR\auth\661399939
607 _aШвеция
_xВзаимоотношения
_yРоссия
_z19 - 20 вв.
_92342217
_3RU\NLR\auth\661399938
607 _aРоссия
_xВзаимоотношения со Швецией
_z19 - 20 вв.
_92342215
_3RU\NLR\auth\661399937
607 _aРоссия
_xВзаимоотношения
_yШвеция
_z19 - 20 вв.
_92342213
_3RU\NLR\auth\661399936
686 _aТ3(2)0-64(4Шв)
686 _aТ3(4Шв)0-64(2)
700 1 _4070
_7ca
_8rus
_aЧернышева
_bО. В.
_cд-р ист. наук
_gОльга Васильевна
_989177
_3RU\NLR\auth\77106252
801 0 _aRU
_bNLR
_c20040827
_gPSBO
801 1 _aRU
_bNLR
_c20040827
942 _cBOOK
980 _aNB